000 00488nam a22001697a 4500
005 20140310183629.0
008 131115b xxu||||| |||| 00| 0 eng d
020 _a1561736007
050 _aRC 81
_b.F24 1994
245 _aThe new illustrated family medical & health guide /
260 _aLincolnwood, Illinois :
_bPublications International Ltd.,
_c1994.
300 _a447 p. :
_bill. col. ;
_c30 cm.
650 _aMedicine.
942 _2lcc
_cBK
999 _c25566
_d25566